Widok standardowy
Widok MARC
Pozycja Geographic Name
Liczba rekordów, w których użyto hasła: 6
001 - Numer kontrolny
- control field: 39281
003 - Identyfikator numeru kontrolnego
- control field: NUKAT
005 - Data i czas ostatniej modyfikacji
- control field: 20260331074956.0
008 - Dane kontrolne kodowane (40 znaków)
- fixed length control field: 051025 ||a|znnbabn |a ana |c
010 ## - Numer kontrolny Biblioteki Kongresu
- numer kontrolny LC: s 2005227490
040 ## - Instytucja sporządzająca rekord
- inst. przygot. dane do rek. khw: WA U/EDP
- język haseł przedmiotowych/tezaurus: kaba
- inst. wprow. rek. khw: WA U/EDP
- inst. modyf. rek. khw: WA U/IG
- inst. modyf. rek. khw: WA U/MM
083 #4 - DEWEY DECIMAL CLASSIFICATION NUMBER
- pojed. symbol lub pocz. z zakr. symboli: 320
- określenie wyjaśniające: Nauki polityczne
083 #4 - DEWEY DECIMAL CLASSIFICATION NUMBER
- pojed. symbol lub pocz. z zakr. symboli: 940
- określenie wyjaśniające: Historia Europy
151 ## - Hasło - nazwa geograficzna
- nazwa geograficzna: Związek Radziecki
- określnik rzeczowy: polityka i rządy
- określnik chronologiczny: 1917-1928.
451 ## - Trop zob. - nazwa geograficzna
- nazwa geograficzna: Politique et gouvernement
- określnik geograficzny: URSS
- określnik chronologiczny: 1917-1928 [f]
451 ## - Trop zob. - nazwa geograficzna
- nazwa geograficzna: Soviet Union
- określnik rzeczowy: Politics and government
- określnik chronologiczny: 1917-1936 [c]
670 ## - Źródło informacji
- źródło informacji: RAMEAU
670 ## - Źródło informacji
- źródło informacji: NEP
- gdzie znaleziono informację: (Okres od 6-8 listopada 1917 do października 1928 (ogłoszenie pierwszego planu pięcioletniego))